000 01703aam a2200265 a 4500
003 AR-RoUNCS
005 20260630164313.0
007 ta
008 141218s2013 ag |r 00| j spa d
020 _a978-950-753-335-8
040 _aAR-RoUNCS
_bspa
_cAR-RoUNCS
041 1 _aspa
_heng
100 1 _aDoyle, Arthur Conan,
_d1859-1930
_eautor
245 1 0 _aElemental, Watson /
_cArthur Conan Doyle.
260 _aSan Isidro :
_bCántaro,
_cc2013.
300 _a100 p. ;
_c19 cm.
490 0 _aColección Del Mirador ;
_v232
505 _tPuertas de acceso.
505 _tElemental, Watson.
_gLa aventura del carbunclo azul ; Las cinco semillas de naranja ; La aventura de los tres estudiantes.
520 _aElemental, Watson ¿Qué significan cinco semillas de naranja en un sobre con las siglas K.K.K.? ¿Cuál es la posible relación entre un sombrero con forma de hongo, un rubí y un ganso para Nochebuena? ¿Hasta qué extremo puede llegar el estudiante de una prestigiosa universidad inglesa para aprobar un examen de Griego? A partir de estas preguntas, Arthur Conan Doyle urde tres casos que deberá resolver su célebre detective Sherlock Holmes, acompañado del no menos célebre doctor John Watson. Y su resolución es más que un mero relato policial. Porque Holmes representa la superioridad de la aguda inteligencia, de la capacidad de observación y del conocimiento científico sobre la violencia y el delito. Y su cronista, el animoso Watson, nos recuerda que hay cosas que vale la pena contar.
650 7 _aLiteratura inglesa
_2embne
655 7 _aNovelas policiacas
_2embne
751 _aSan Isidro (Buenos Aires : Provincia)
_elugar de publicación
_4pup
942 _2udc
_cOG
_n0
999 _c1070
_d1070